[Event "SVK-chT2A 9899"]
[Site "Slovakia"]
[Date "1998.10.17"]
[Round "1"]
[White "Pucik, Peter"]
[Black "Ivan, Jaroslav"]
[Result "0-1"]
[WhiteElo "1799"]
[BlackElo "1997"]
[PlyCount "48"]
[EventDate "1998.??.??"]
[EventType "team-tourn"]
[EventRounds "9"]
[EventCountry "SVK"]
[SourceTitle "EXT 2000"]
[Source "ChessBase"]
[SourceDate "1999.11.16"]
[SourceVersion "1"]
[SourceVersionDate "1999.11.16"]
[SourceQuality "1"]

1. c4 Nf6 2. Nc3 g6 3. d4 d6 4. Nf3 Bg7 5. Bg5 Nbd7 6. Qd2 h6 7. Bxf6 Nxf6 8. h3 c6 9. e3 Bd7 10. Bd3 Qa5 11. 0-0 g5 12. Ne4 Qc7 13. Nxf6+ Bxf6 14. Nh2 h5 15. f3 0-0-0 16. Be2 e5 17. b4 exd4 18. exd4 c5 19. bxc5 dxc5 20. d5 Be5 21. Qxg5 Rdg8 22. Qe7 Bxh2+ 23. Kh1 Re8 24. Qf6 Be5 0-1

[Event "SVK-chT2A 9798"]
[Site "Slovakia"]
[Date "1997.??.??"]
[Round "?"]
[White "Pucik, Peter"]
[Black "Kovarovic, Stefan"]
[Result "0-1"]
[WhiteElo "1815"]
[BlackElo "1925"]
[PlyCount "112"]
[EventDate "1997.??.??"]
[EventType "team-tourn"]
[EventRounds "11"]
[EventCountry "SVK"]
[SourceTitle "EXT 2001"]
[Source "ChessBase"]
[SourceDate "2000.11.22"]
[SourceVersion "1"]
[SourceVersionDate "2000.11.22"]
[SourceQuality "1"]

1. c4 e6 2. Nc3 Nf6 3. g3 c6 4. Bg2 d5 5. cxd5 cxd5 6. Qb3 Nc6 7. Nf3 a6 8. 0-0 Bc5 9. e3 Qb6 10. Qxb6 Bxb6 11. d4 0-0 12. a3 Bd7 13. Bd2 Rac8 14. Rac1 Na5 15. Ne5 Nb3 16. Nxd7 Nxd7 17. Rcd1 Ba5 18. Nb1 Rc2 19. Bxa5 Nxa5 20. b4 Nc4 21. e4 Nf6 22. exd5 Nxd5 23. Rc1 Rxc1 24. Rxc1 b5 25. Bxd5 exd5 26. Re1 Rd8 27. f4 f5 28. Re6 Ra8 29. Kf2 a5 30. bxa5 Rxa5 31. Re8+ Kf7 32. Rb8 Nd6 33. Ke3 Ra4 34. Kd3 Ke6 35. Rb6 Kd7 36. Rb8 Ra7 37. Rf8 Kc6 38. h3 g6 39. Rf6 Kd7 40. g4 Ke7 41. g5 Ra5 42. h4 Ra4 43. h5 b4 44. axb4 Rxb4 45. Nc3 Rb3 46. hxg6 Ne4 47. gxh7 Rxc3+ 48. Ke2 Rc8 49. Rh6 Rh8 50. Ra6 Kf7 51. g6+ Kg7 52. Re6 Nf6 53. Kf3 Kxg6 54. Re7 Rxh7 55. Rxh7 Kxh7 56. Kg3 Kg6 0-1

[Event "SVK-chT2A 9798"]
[Site "Slovakia"]
[Date "1997.??.??"]
[Round "?"]
[White "Pucik, Peter"]
[Black "Orvisky, Vladimir"]
[Result "0-1"]
[WhiteElo "1815"]
[BlackElo "1870"]
[PlyCount "94"]
[EventDate "1997.??.??"]
[EventType "team-tourn"]
[EventRounds "11"]
[EventCountry "SVK"]
[SourceTitle "EXT 2001"]
[Source "ChessBase"]
[SourceDate "2000.11.22"]
[SourceVersion "1"]
[SourceVersionDate "2000.11.22"]
[SourceQuality "1"]

1. c4 e5 2. Nc3 Nf6 3. g3 Nc6 4. Bg2 Bb4 5. e3 0-0 6. Nge2 d6 7. Nd5 Nxd5 8. cxd5 Ne7 9. Nc3 Bd7 10. 0-0 c6 11. e4 cxd5 12. exd5 Qa5 13. a3 Bc5 14. Ra2 Qb6 15. b4 Bd4 16. Bb2 a5 17. Qb3 axb4 18. axb4 Rxa2 19. Nxa2 Bb5 20. Bxd4 Qxd4 21. d3 Qxd3 22. Qxd3 Bxd3 23. Rd1 Bc4 24. Nc3 f5 25. Bf1 Bxf1 26. Kxf1 Kf7 27. Nb5 Rd8 28. Nc7 Rd7 29. Ne6 h6 30. b5 g6 31. b6 Nxd5 32. Nc7 Nxb6 33. Nb5 Ke6 34. Rb1 Nd5 35. Rd1 Nc7 36. Nc3 d5 37. Rb1 Ne8 38. Na4 Rc7 39. Rb6+ Nd6 40. Ke2 d4 41. Rb2 b5 42. Nb6 Rb7 43. Na8 Ra7 44. Nb6 Ra6 45. f4 Rxb6 46. Kd3 Nc4 47. Re2 Kd5 0-1

[Event "SVK-chT2B 9394"]
[Site "Slovakia"]
[Date "1994.??.??"]
[Round "10"]
[White "Lukac, Roman"]
[Black "Pucik, Peter"]
[Result "1-0"]
[WhiteElo "2140"]
[BlackElo "1750"]
[PlyCount "101"]
[EventDate "1993.??.??"]
[EventType "team-tourn"]
[EventRounds "14"]
[EventCountry "SVK"]
[SourceTitle "EXT 2001"]
[Source "ChessBase"]
[SourceDate "2000.11.22"]
[SourceVersion "1"]
[SourceVersionDate "2000.11.22"]
[SourceQuality "1"]

1. e4 e6 2. d4 d5 3. Nc3 Ne7 4. Nf3 Ng6 5. Bd3 Bb4 6. a3 dxe4 7. Bxe4 Bxc3+ 8. bxc3 c6 9. 0-0 Nd7 10. Re1 Nf6 11. Bd3 Nd5 12. Bd2 Qc7 13. c4 Nde7 14. Rb1 0-0 15. c5 Rd8 16. Rb3 Rb8 17. g3 Rd7 18. h4 Qd8 19. h5 Nf8 20. Bf4 Ra8 21. c3 f6 22. Qe2 Nd5 23. Bc1 Qe8 24. Nd2 Re7 25. Nc4 Qd8 26. Nd6 b6 27. c4 Nc7 28. Be4 Bd7 29. cxb6 axb6 30. Rxb6 Ne8 31. c5 Nxd6 32. cxd6 Re8 33. Qb2 Rb8 34. Rb4 Rxb4 35. Qxb4 Qb8 36. Bd2 Rc8 37. Rc1 Qa7 38. Rc5 f5 39. Bd3 Rb8 40. Qa5 Qxa5 41. Rxa5 Rb3 42. Bc4 Rb2 43. Bg5 Rc2 44. Bf1 Be8 45. Ra8 Kf7 46. Bg2 Rc4 47. Be3 h6 48. a4 Nd7 49. a5 Nf6 50. a6 Ne4 51. Ra7+ 1-0